Wyoming Counties - Sudden Death - Statistics

General Stats
  • This quiz has been taken 75 times
  • The average score is 13 of 22
Answers on the Grid
Answers color-coded by a green-red scale on the quiz's grid according to % correct below.
Alamosa
Albany
Bear Lake
Big Horn
Blue Earth
Campbell
Cass
Converse
Crook
Dawson
Douglas
El Dorado
Fremont
Garfield
Goshen
Golden Valley
Harrison
Hot Springs
Huntingdon
Johnson
Laramie
Lewis
Lincoln
Madison
Marshall
McPherson
Natrona
Niobrara
Nueces
Orange
Park
Platte
Sedgwick
Sheridan
Sublette
Sweetwater
Teton
Traverse
Uinta
Uvalde
Valley
Washakie
Weston
Williamson
 
Answer Stats
Answer % Correct
Big Horn
75%
Campbell
75%
Laramie
75%
Albany
73%
Teton
66%
Converse
64%
Platte
59%
Sheridan
59%
Sweetwater
59%
Goshen
57%
Crook
55%
Niobrara
55%
Hot Springs
52%
Fremont
50%
Park
50%
Washakie
50%
Johnson
48%
Lincoln
48%
Natrona
48%
Sublette
48%
Uinta
48%
Weston
43%
No matching quizzes found
Score Distribution
Percent of People with Each Score
Percentile by Number Answered
Your Score History
You have not taken this quiz